000 00573nam a2200241 a 4500
001 nice12345678
003 IN_TiNIC
005 20260116015137.0
008 050524s1964 lona grp 000 0 eng
020 _a
_c100
082 0 0 _a231
_bWIC
100 _aWicker, Brian
245 _aGod and Modern Philosophy
260 _aLondon
_bDarton and Longman
_c1964
300 _a63p
500 _aincludes index and biblioraphy
505 2 _aIndex
650 _aPhilosophical-Theology
700 1 _aWicker, Brian
902 _bSRS
942 _cBK
999 _c18481
_d18481